Neoliberalizm, islamcı sermayenin yükselişi ve AKP / (Kayıt no. 15928)
[ düz görünüm ]
| 000 -BAŞLIK | |
|---|---|
| Sabit Uzunlukta Kontrol Alanı | 00985nam a22002657a 4500 |
| 999 ## - SİSTEM KONTROL NUMARALARI (KOHA) | |
| Koha Biblionumber | 15928 |
| Koha Biblioitemnumber | 15929 |
| 003 - KONTROL NUMARASI IDENTIFIER | |
| Denetim Alanı | MIRAKIL |
| 005 - SON İŞLEM TARİHİ VE ZAMANI | |
| Denetim Alanı | 20240429120758.0 |
| 008 - SABİT-BOY VERİ ELEMANLARI - GENEL BİLGİLER | |
| Sabit Uzunlukta Kontrol Alanı | 240424b tu ||||| |||| 00| 0 tur d |
| 020 ## - ULUSLARARASI STANDART KİTAP NUMARASI | |
| Uluslararası Standart Kitap Numarası | 9786054836598 |
| 040 ## - KATALOGLAMA KAYNAK | |
| Orijinal Kataloglama Ajansı | TR-AnCHP |
| Metne Dönüştürmek Ajansı | TR-AnCHP |
| 041 ## - DİL KODU | |
| Metin / Ses Parça Veya Ayrı Başlığın Dil Kodu | tur |
| 082 ## - DEWEY ONLU SINIFLANDIRMA NUMARASI | |
| Sınıflandırma Numarası | 324.2182 |
| Ürün Numarası | N36 2014 |
| 245 10 - BAŞLIK TABLOSU | |
| Başlık | Neoliberalizm, islamcı sermayenin yükselişi ve AKP / |
| Sorumluluk Tablosu, Vb | hazırlayanlar: Neşecan Balkan, Erol Balkan, Ahmet Öncü. |
| 260 ## - YAYIN, DAĞITIM, VB | |
| Yayın, Dağıtım, Vb Yeri | İstanbul : |
| Yayıncı, Dağıtıcı, Vs Adı | Yordam Kitap, |
| Yayın, Dağıtım, Vb Tarihi | 2014. |
| 300 ## - FİZİKSEL TANIM | |
| Kapsam | 416 s. : |
| Diğer Fiziksel Ayrıntıları | tbl. ; |
| Boyutlar | 19 cm. |
| 490 0# - SERİSİ TABLOSU | |
| Seri Beyanı | Yordam Kitap ; |
| Hacim / Ardışık Tanımı | yayın no: 209 |
| 500 ## - GENEL NOT | |
| Genel Not | Dizin vardır<br/> |
| 500 ## - GENEL NOT | |
| Genel Not | Özgün eseradı: The neoliberal landscape and the rise of islamist capital in Turkey<br/> |
| 504 ## - KAYNAKÇA VB NOT | |
| Kaynakça Vb Notu | Kaynakça bölüm sonlarındadır<br/> |
| 600 #0 - KONU KATMA GİRİŞ - KURUMSAL ADI | |
| 9 (RLIN) | 5861 |
| Kişisel Ad | Adalet ve Kalkınma Partisi (AKP) |
| 650 #0 - KONU KATMA GİRİŞ - TOPİKAL DÖNEM | |
| 9 (RLIN) | 693 |
| Topikal Süreli Veya Coğrafi Ad Giriş Elemanı | Neoliberalizm |
| 650 #0 - KONU KATMA GİRİŞ - TOPİKAL DÖNEM | |
| 9 (RLIN) | 396 |
| Topikal Süreli Veya Coğrafi Ad Giriş Elemanı | Ekonomi |
| Genel Alt Bölümü | İslam |
| 856 ## - ELEKTRONİK YER VE ERİŞİM | |
| Kamu Notu | Dijital Nüshası için Partimizin Kütüphane Sorumlusu ile iletişime geçiniz. |
| 942 ## - EKLENDİ GİRİŞ ELEMANLARI (KOHA) | |
| Sınıflandırma Veya Raf Düzeni Kaynak | Dewey Decimal Classification |
| Koha Öğesi Türü | Kitaplar |
| Kalıcı Konum | Mevcut Konum | Edinme Tarihi | Toplam Check-Out'Lar | Tam Çağrı Numarası | Barkod | Tarih Son Görülme | İtibaren Geçerli Fiyatlar | Koha Öğesi Türü |
|---|---|---|---|---|---|---|---|---|
| CHP Kütüphanesi | CHP Kütüphanesi | 04/24/2024 | 324.2182 N36 2014 | 21889 | 04/24/2024 | 04/24/2024 | Kitaplar |
